Los 10 monumentos más visitados de España - Estadísticas

Estadísticas generales
  • Esta prueba ha sido intentada 1.084 veces
  • La puntuación promedio es 4 de 10
Estadísticas de respuestas
Ranking Monumento % Correcto
Basílica de la Sagrada Familia
94%
La Alhambra
81%
Mezquita de Córdoba
47%
Catedral de Santiago de Compostela
45%
Catedral de Burgos
35%
10º La Giralda
32%
Basílica de Nuestra Señora del Pilar
23%
Teatro Romano de Mérida
13%
Alcázar de Segovia
9%
Catedral de Mallorca
6%
No se encontraron pruebas coincidentes
Distribución de puntuación
Porcentaje de gente con cada puntuación
Porcentaje por número respondido
Historial de tus puntuaciones
No has intentado esta prueba.